000 00787cam a2200229 4500
001 ABS62407
008 000000n2000 000 0 eng u
035 _a(Sirsi) u106764
100 _aTolson, S.
245 _aWhat's it worth, Guv?
260 _c2000
490 _aBuilding
_v265(8140) 9 June 2000, 55(1)
520 _aConsiders the issue of quantum meruit. Focuses on the findings in "Serck Controls Ltd v Drake and Scull Engineering", which supports the proposition of cost plus profit.
590 _aABS
650 _aQUANTUM MERUIT
650 _aSERCK CONTROLS LTD V DRAKE & SCULL ENGINEERING
650 _aLETTER OF INTENT
650 _aFRUSTRATED CONTRACTS
650 _aCONTRACT NEGOTIATIONS
690 _aBUILT ENVIRONMENT-BUILDING CONTRACT FORMS
942 _n0
999 _c63897
_d63897